Jardín Botánico (Registro nro. 16476)

Detalles MARC
000 -CABECERA
Campo de control 00549aga a2200205 4500
005 - FECHA Y HORA DE LA ULTIMA TRANSACCION
Campo de control 20191224042157.0
008 - ELEMENTOS DE LONGITUD FIJA—INFORMACION GENERAL
Campo de control 170214b xxu||||| |||| 00| 0 spa d
040 ## - FUENTE DE CATALOGACIÓN
Agencia catalogadora original CO-BoIAVH
Agencia transcriptora CO-BoIAVH
041 0# - IDIOMA
Código de idioma para texto/pista de sonido o título separado Español
090 ## - CLASIFICACIÓN LOCAL
Colección AV
Consecutivo 00051
110 1# - ASIENTO PRINCIPAL--NOMBRE CORPORATIVO
Nombre corporativo o de jurisdicción como elemento de entrada Corpociencias
9 (RLIN) 79587
245 10 - MENCION DE TITULO
Título Jardín Botánico
260 ## - PUBLICACION, DISTRIBUCION, ETC. (PIE DE IMPRENTA)
Lugar de publicación, distribución, etc. Cali
Nombre del editor, distribuidor, etc. Corpociencias
Fecha de publicación, distribución, etc. 1995?
260 ## - PUBLICACION, DISTRIBUCION, ETC. (PIE DE IMPRENTA)
Nombre del editor, distribuidor, etc. Univalle
Lugar de publicación, distribución, etc. :
Fecha de publicación, distribución, etc. .
300 ## - DESCRIPCION FISICA
Extensión 4 min.
Otros detalles físicos VHS
650 14 - ASIENTO SECUNDARIO DE MATERIA - TERMINO TEMATICO
Término temático o nombre geográfico como elemento de entrada Jardines botánicos
9 (RLIN) 92821
650 14 - ASIENTO SECUNDARIO DE MATERIA - TERMINO TEMATICO
Término temático o nombre geográfico como elemento de entrada Conservación ex-situ
9 (RLIN) 4301
710 1# - ASIENTO SECUNDARIO - NOMBRE CORPORATIVO
Nombre corporativo o de jurisdicción como elemento de entrada Universidad del Valle
9 (RLIN) 94002
942 ## - ELEMENTOS ADICIONALES (KOHA)
Tipo de ítem VHS
Sistema de clasificación Local
Existencias
Withdrawn status Lost status Sistema de Clasificación Damaged status No para préstamo Colección Ubicación Permanente Ubicación actual Fecha de adquisición Fuente de adquisición Total Checkouts Número topográfico Inventario / Código de Barras Date last seen Ejemplar Price effective from Forma de adquisición Tipo de material
    Local     Audiovisual Bogotá Bogotá 09/02/2017 Desconocido   AV-00051 014161 25/03/2015 Ej. 1 25/03/2015 Donación VHS
    Local     Audiovisual Bogotá Bogotá 27/02/2015 Gaitán, Margarita   AV-00051 018277 25/03/2015 Ej. 2 25/03/2015   VHS
          Audiovisual Villa de Leyva Villa de Leyva 27/02/2015     MM 00051 AUTO_19862 25/03/2015   25/03/2015   CD-ROM